000 00424cam a2200169ua 4500
001 5686
008 131008n ii |||gr||||Z||||||asm
040 _cMAIN
082 _a954.162
100 1 _aDatta,Dilip kumar,
_eAuthor.
245 _aPhali-Luwa Buranji
_cby Dilip Kumar Datta
260 _aGuwahati:
_bChitralekha Prakashan,
_c1986.
300 _a256p.
653 _aHistory
653 _aPhali-Luwa Buranji
942 _cBK
999 _c4845
_d4845